000 00924nam a2200241 a 4500
001 000005244
003 OSt
005 20200929151623.0
008 090818s1998 sp 001 spa d
020 _a8400068882
040 _aDO-SdBNP
_bspa
_cBNPHU
082 _axxxx
_bL347s
100 1 _aLasso De La Vega, Hilarión José Rafael
_914964
245 1 0 _aSínodos de Mérida y Maracaibo de 1817, 1819 y 1822 /
_cHilarión José Rafael Lasso De La Vega ; introducción y edición crítica por Fernando Campo del Pozo.
260 _aMadrid, España :
_bCentro de Estudios Históricos del Consejo Superior de Investigaciones Científicas,
_c1998.
300 _a289 p. ;
_c25 cm.
490 1 _aTierra nueva e cielo nuevo ;
_v26
490 1 _aSínodos americanos
_v7
500 _aIncluye tabla de contenido
830 0 _aTierra nueva e cielo nuevo ;
_n26
_914965
830 0 _aSínodos americanos
_n7
_914966
942 _2ddc
_cLF1
999 _c5045
_d5045